INTRODUCTION TO SCIENTIFIC COMPUTATION AND PROGRAMMING (Record no. 23196)
[ view plain ]
| 000 -LEADER | |
|---|---|
| fixed length control field | 00281nam a22001217a 4500 |
| 020 ## - INTERNATIONAL STANDARD BOOK NUMBER | |
| International Standard Book Number | 813150235X |
| 082 ## - DEWEY DECIMAL CLASSIFICATION NUMBER | |
| Classification number | 005.1 |
| 100 ## - MAIN ENTRY--PERSONAL NAME | |
| Personal name | DANIEL T. KAPLAN |
| 245 ## - TITLE STATEMENT | |
| Title | INTRODUCTION TO SCIENTIFIC COMPUTATION AND PROGRAMMING |
| 260 ## - PUBLICATION, DISTRIBUTION, ETC. | |
| Place of publication, distribution, etc. | INDIA |
| Name of publisher, distributor, etc. | THOMSON |
| Date of publication, distribution, etc. | 2004 |
| 300 ## - PHYSICAL DESCRIPTION | |
| Extent | 546 |
| 942 ## - ADDED ENTRY ELEMENTS (KOHA) | |
| Koha item type | Book |
| Withdrawn status | Lost status | Damaged status | Not for loan | Permanent Location | Current Location | Shelving location | Date acquired | Full call number | Barcode | Date last seen | Price effective from | Koha item type |
|---|---|---|---|---|---|---|---|---|---|---|---|---|
| NUST Baluchistan Campus (NBC) | NUST Baluchistan Campus (NBC) | General Stacks | 03/05/2013 | 005.1 | RCMS001534 | 03/05/2013 | 03/05/2013 | Book | ||||
| NUST Baluchistan Campus (NBC) | NUST Baluchistan Campus (NBC) | General Stacks | 03/05/2013 | 005.1 | RCMS001535 | 03/05/2013 | 03/05/2013 | Book | ||||
| NUST Baluchistan Campus (NBC) | NUST Baluchistan Campus (NBC) | General Stacks | 03/05/2013 | 005.1 | RCMS001536 | 03/05/2013 | 03/05/2013 | Book |
